Letakkan Dunia Di Tangan, Di Hati Jangan

Bibliographic Details
Main Author: Lutfi Lokman (Author)
Format: Book
Language:Malay
Published: Bandar Baru Bangi, Selangor : Nubook Press 2017
Subjects:

MARC

LEADER 00000cam a2200000 7i4500
001 0000028637
005 20191205.0
008 191203 my may
020 |a 9789672015048 
040 |a INS   |b eng   |e rda 
090 0 0 |a BP188.18.Y6   |b L84 2017 
100 0 |a Lutfi Lokman ,   |e author 
245 1 0 |a Letakkan Dunia Di Tangan, Di Hati Jangan   |c LUTFI LOKMAN 
264 1 |a Bandar Baru Bangi, Selangor :   |b Nubook Press   |c 2017 
300 |a 120 pages ;   |c 22 cm. 
336 |a text  |2 rdacontent 
337 |a unmediated  |2 rdamedia 
338 |a volume  |2 rdacarrier 
650 0 |a Muslim   |x Religious life 
650 0 |a Youth   |x Religious life 
999 |a 1000003867   |b BOOK   |c Open Shelf   |e Default branch